01788cam a2200361 a 4500001000500000005001700005020002500022020001500047040004700062050002200109082000800131100002200139245014000161250003300301260003400334300004000368490003700408500003500445500004200480505000700522520046900529521001700998521001701015650006201032650006401094650008101158650007301239650001501312650001701327650002601344650002201370650003401392280720240116091054.0 a9780545425186 (pbk.) a0545425182 aBTCTAbengcBTCTAdBDXdCLEdJHYdMCWdDLC00aCT3260b.W58 201204a9201 aWishinsky, Frieda10aFreedom heroines :bSusan B. Anthony, Elizabeth Cady Stanton, Jane Addams, Ida B. Wells, Alice Paul, Rosa Parks /cby Frieda Wishinsky. aFirst edition, December 2012 aNew York :bScholastic,c2012 a144 pages :billustrations ;c20 cm1 aProfiles. One movement, six bios aSeries information from cover. a"Profiles. One event, six bios"--T.p. aZ  aProfiles is so much more than just your typical biography series. The next book in this six-in-one, full-color bio series will focus on Civil Champions--some of the incredible women who worked tirelessly to ensure equal rights for all. Kids will learn all of the biographical information they need to know--background, family, education, accomplishments, etc., about: Susan B. Anthony, Elizabeth Cady Stanton, Ida B. Wells, Alice Paul, Rosa Parks, and Jane Addams. a970 bLexile aZ bRaz-Plus 0aFeministszUnited StatesvBiographyvJuvenile literature. 0aSuffragistszUnited StatesvBiographyvJuvenile literature. 0aAfrican American women civil rights workersvBiographyvJuvenile literature. 0aCivil rights workerszUnited StatesvBiographyvJuvenile literature. 1aFeminists. 1aSuffragists. 1aCivil rights workers. 1aWomenvBiography. 1aAfrican AmericansvBiography.